Statistics for Nfl top 15 touchdown leaders of all time.

Click here to take the quiz!

General Stats

  • This quiz has been taken 201 times
  • The average score is 10 of 15

Answer Stats

TeamAnswer% Correct
49ers-Seahawks-Broncos-RaidersJerry Rice-208 Touchdowns
96%
Vikings-Raiders-Patriots-Titans-49ersRandy Moss-157 Touchdowns
94%
Cowboys-CardinalsEmmit Smith-175 Touchdowns
88%
BrownsJim Brown-126 Touchdowns
87%
49ers-Cowboys-Eagles-Bills-Seahawks-BengalsTerrell Owens-156 Touchdowns
84%
Chargers-JetsLaDainian Tomlinson-162 Touchdowns
83%
BearsWalter Payton-125 Touchdowns
76%
ColtsMarvin Harrison-128 Touchdowns
75%
Rams-ColtsMarshall Faulk-136 Touchdowns
62%
Raiders-ChiefsMarcus Allen-145 Touchdowns
58%
ChargersAntonio Gates-114 Touchdowns
54%
Vikings-Dolphins-EaglesCris Carter-131 Touchdowns
51%
Seahawks-RedskinsShaun Alexander-112 Touchdowns
43%
Redskins-JetsJohn Riggins-116 Touchdowns
34%
ColtsLenny Moore-113 Touchdowns
8%

Score Distribution

Percentile by Number Answered

Percent of People with Each Score

Your Score History

You have not taken this quiz